World A-Z - Statistics

General Stats
  • This quiz has been taken 68 times
  • The average score is 23 of 26
Answer Stats
Clue Answer % Correct
E Famous Paris tower Eiffel
100%
F Japan's most famous mountain Fuji
100%
M The leaf in the flag of Canada Maple
98%
U Mythical horse with a single horn Unicorn
98%
B Ancient city with hanging gardens Babylon
97%
D Famous extinct flightless bird in Mauritius Dodo
97%
J Period when the dinosaurs dominated the world Jurassic
97%
L Language of the ancient Romans Latin
97%
W Capital of Poland Warsaw
97%
Y Former country in Europe Yugoslavia
97%
G U.S. state or Caucasian country Georgia
95%
H London's main airport Heathrow
95%
N Company with the slogan "Just Do It" Nike
95%
Q A province of Canada Quebec
95%
X Another name for Christmas Xmas
95%
Z Element with symbol "Zn" Zinc
95%
T Region of Romania is considered the home of Dracula Transylvania
93%
C He was a worldwide icon of the era of silent film and beyond Charlie Chaplin
90%
I Native people of the Arctic Inuit
90%
R Currency of Russia Ruble
90%
K On this scale, water freezes at 273 Kelvin
86%
S It connects the Red and Mediterranean Sea Suez Canal
86%
V One of Hinduism's main gods Vishnu
78%
O Boy band featuring Horan, Payne, Styles and Tomlinson One Direction
76%
P Supercontinent when all continents were joined Pangaea
64%
A Empire in Indochina during 9th century Angkor
36%
No matching quizzes found
Score Distribution
Percent of People with Each Score
Percentile by Number Answered
Your Score History
You have not taken this quiz